000
00261nam a2200109Ia 4500
008
231212s1984 xx 000 0 und d
041
_a
eng
082
_a
621.381
100
_a
Padmanabhan T.R
245
_a
Digital System Of
260
_a
New Delhi
_b
Mc Grow
_c
1984
999
_c
959252
_d
959252